Unidad, pluralismo y pluriformidad en la vida religiosa / (Record no. 147519)

MARC details
000 -LEADER
campo de control de longitud fija 00619nam a2200181 i 4500
001 - NÚMERO DE CONTROL
campo de control 147519
003 - IDENTIFICADOR DE NÚMERO DE CONTROL
campo de control ES-MaACL
007 - CAMPO FIJO DE DESCRIPCIÓN FÍSICA--INFORMACIÓN GENERAL
campo de control de longitud fija t|
008 - DATOS DE LONGITUD FIJA--INFORMACIÓN GENERAL
campo de control de longitud fija 071002s1974 sp ||||1| spa d
080 ## - NÚMERO DE LA CLASIFICACIÓN DECIMAL UNIVERSAL
Número de la Clasificación Decimal Universal 271(063)
245 00 - MENCIÓN DEL TÍTULO
Título Unidad, pluralismo y pluriformidad en la vida religiosa /
Mención de responsabilidad, etc. [Alvarez, Bocos, Gutiérrez Vega...].
260 ## - PUBLICACIÓN, DISTRIBUCIÓN, ETC.
Lugar de publicación, distribución, etc. Madrid :
Nombre del editor, distribuidor, etc. Instituto Teológico de Vida Religiosa,
Fecha de publicación, distribución, etc. [1974]
300 ## - DESCRIPCIÓN FÍSICA
Extensión 482 p. ;
Dimensiones 21 cm.
650 14 - PUNTO DE ACCESO ADICIONAL DE MATERIA--TÉRMINO DE MATERIA
Término de materia o nombre geográfico como elemento de entrada Órdenes y congregaciones religiosas-
Subdivisión de forma Congresos y asambleas
9 (RLIN) 15748
700 1# - ENTRADA AGREGADA--NOMBRE PERSONAL
Nombre de persona Alvarez Gómez, Jesús.
9 (RLIN) 20824
852 ## - LOCALIZACIÓN
Ubicación ES-MaACL
Número de control de estantería E-5893
Sublocalización o colección R.90363
Holdings
Estatus retirado Estado de pérdida Estado de daño No para préstamo Biblioteca de origen Biblioteca actual Ubicación en estantería Fecha de adquisición Fuente de adquisición Total de préstamos Signatura topográfica completa Código de barras Visto por última vez Precio de reemplazo Tipo de ítem Koha
        Biblioteca del Ateneo de Madrid Biblioteca del Ateneo de Madrid Depósito 2 17/01/2008     E-5893 1153947 23/02/2023 23/02/2023 Libro impreso